[Event "Skopje op"]
[Site "Skopje"]
[Date "2022.10.22"]
[Round "2"]
[White "Asllani, Muhamet"]
[Black "Nikolovski, David"]
[Result "1-0"]
[WhiteElo "2207"]
[BlackElo "1828"]
[PlyCount "117"]
[EventDate "2022.10.21"]
[EventType "swiss"]
[EventRounds "9"]
[EventCountry "MKD"]
[SourceTitle "EXT 2024"]
[Source "ChessBase"]
[SourceDate "2023.10.10"]
[SourceVersion "1"]
[SourceVersionDate "2023.10.10"]
[SourceQuality "1"]

1. e4 c5 2. Nf3 d6 3. d4 cxd4 4. Nxd4 Nf6 5. Bc4 e6 6. Qe2 a6 7. a4 Be7 8. 0-0 0-0 9. Rd1 Qc7 10. Nc3 Nc6 11. Nxc6 Qxc6 12. h3 b6 13. f4 Bb7 14. Bd3 d5 15. exd5 Bc5+ 16. Kh1 exd5 17. Qf3 Ne4 18. Be3 Nxc3 19. Bxc5 Nxd1 20. Bxf8 Nxb2 21. Ba3 Nxd3 22. cxd3 Qc3 23. Ra2 Qb3 24. Ra1 Qc3 25. Ra2 Qb3 26. Ra1 b5 27. Bd6 bxa4 28. Qe3 Qb2 29. Rxa4 d4 30. Qg3 Rc8 31. Rb4 Qa1+ 32. Kh2 Rc1 33. Qf2 Bc8 34. Rxd4 h6 35. Be5 Qb1 36. f5 Rf1 37. Qe3 Bxf5 38. Rd8+ Kh7 39. Rh8+ Kg6 40. Bxg7 Rh1+ 41. Kg3 Qe1+ 42. Qxe1 Rxe1 43. Bf8 Bxd3 44. Rxh6+ Kf5 45. Kf2 Re6 46. Rh5+ Kg6 47. Rh8 Re8 48. Kf3 f5 49. Rh6+ Kf7 50. Bb4 Kg7 51. Rd6 Bc4 52. Bc3+ Kh7 53. Kf4 Re2 54. g3 Rf2+ 55. Kg5 Rf3 56. Be5 Rd3 57. Rc6 Bb5 58. Rc8 Rxg3+ 59. Bxg3 1-0

[Event "FRM-chT 30th"]
[Site "Struga"]
[Date "2022.10.18"]
[Round "5.4"]
[White "Lazov, Toni"]
[Black "Asllani, Muhamet"]
[Result "0-1"]
[WhiteElo "2350"]
[BlackElo "2207"]
[PlyCount "92"]
[EventDate "2022.10.14"]
[EventType "team-tourn"]
[EventRounds "7"]
[EventCountry "MKD"]
[SourceTitle "CBM 210 Extra"]
[Source "ChessBase"]
[SourceDate "2022.11.30"]
[SourceVersion "1"]
[SourceVersionDate "2022.11.30"]
[SourceQuality "1"]
[WhiteTeam "Skopje Alkaloid"]
[BlackTeam "Kumanovo Fisher"]
[WhiteTeamCountry "MKD"]
[BlackTeamCountry "MKD"]

1. e4 e5 2. Nf3 Nf6 3. d3 Nc6 4. Be2 Bc5 5. c3 d6 6. h3 h6 7. Nbd2 a5 8. a4 Ne7 9. d4 exd4 10. cxd4 Bb6 11. Bd3 c6 12. 0-0 Bc7 13. Re1 0-0 14. Ra3 Re8 15. Bb1 Ng6 16. Nh2 Bd7 17. Ndf1 c5 18. d5 b5 19. axb5 Bxb5 20. Ng3 Rb8 21. f4 c4 22. Nf5 Bb6+ 23. Kh1 Bf2 24. Re2 Bc5 25. Rc3 Bb4 26. Rg3 c3 27. Ree3 Bc5 28. Rxc3 Nxe4 29. Bxe4 Rxe4 30. Ng4 Be2 31. Qc2 Rbb4 32. Nxd6 Bd1 33. Qxe4 Rxe4 34. Nxe4 Bb4 35. Rcd3 Bc2 36. Rd4 f5 37. Ne3 Bxe4 38. Rxg6 Kh7 39. Re6 Qh4 40. Kh2 Qxf4+ 41. Kh1 Bc5 42. Rd1 Bxe3 43. d6 Bxg2+ 44. Kxg2 Qf2+ 45. Kh1 Qf3+ 46. Kh2 Qe2+ 0-1

[Event "Olympiad-44"]
[Site "Chennai"]
[Date "2022.08.07"]
[Round "9.4"]
[White "Asllani, Muhamet"]
[Black "Hesham, Abdelrahman"]
[Result "1-0"]
[WhiteElo "2235"]
[BlackElo "2386"]
[PlyCount "95"]
[EventDate "2022.07.29"]
[EventType "team-swiss"]
[EventRounds "11"]
[EventCountry "IND"]
[SourceTitle "CBM 210"]
[Source "ChessBase"]
[SourceDate "2022.10.31"]
[SourceVersion "1"]
[SourceVersionDate "2022.10.31"]
[SourceQuality "1"]
[WhiteTeam "Kosovo"]
[BlackTeam "Egypt"]
[WhiteTeamCountry "KOS"]
[BlackTeamCountry "EGY"]

1. Nf3 d5 2. d4 Nf6 3. Bg5 Nbd7 4. e3 e6 5. Nbd2 Be7 6. c4 0-0 7. Bd3 c5 8. cxd5 exd5 9. 0-0 b6 10. Qa4 a6 11. Ne5 Nxe5 12. dxe5 Ng4 13. Bf4 c4 14. Be2 f6 15. Qc6 Ra7 16. Nf3 fxe5 17. Nxe5 Nxe5 18. Bxe5 Bf6 19. Bc3 Rd7 20. Rad1 Rd6 21. Qa4 b5 22. Qa3 d4 23. exd4 Bxd4 24. Bb4 Bxf2+ 25. Kh1 Rxd1 26. Rxd1 Qe8 27. Bxc4+ bxc4 28. Bxf8 Bg4 29. Rc1 Bd4 30. Bc5 Bf6 31. Qxa6 Be2 32. Re1 Qd7 33. Qa8+ Kf7 34. Qf8+ Kg6 35. Qd6 Qf5 36. Bd4 Bd3 37. Bxf6 gxf6 38. a3 Qb5 39. Re3 Qxb2 40. Rg3+ Kh5 41. Qd5+ Qe5 42. Qxe5+ fxe5 43. Kg1 e4 44. Kf2 c3 45. Ke1 Kh6 46. a4 Kh5 47. a5 Kh6 48. Rxd3 1-0

[Event "Olympiad-44"]
[Site "Chennai"]
[Date "2022.08.01"]
[Round "4.4"]
[White "Baenziger, Fabian"]
[Black "Asllani, Muhamet"]
[Result "1-0"]
[WhiteElo "2451"]
[BlackElo "2235"]
[PlyCount "91"]
[EventDate "2022.07.29"]
[EventType "team-swiss"]
[EventRounds "11"]
[EventCountry "IND"]
[SourceTitle "CBM 210"]
[Source "ChessBase"]
[SourceDate "2022.10.31"]
[SourceVersion "1"]
[SourceVersionDate "2022.10.31"]
[SourceQuality "1"]
[WhiteTeam "Switzerland"]
[BlackTeam "Kosovo"]
[WhiteTeamCountry "SUI"]
[BlackTeamCountry "KOS"]

1. d4 Nf6 2. c4 e6 3. Nf3 d5 4. g3 Be7 5. Bg2 0-0 6. 0-0 c6 7. Qc2 Nbd7 8. Rd1 Ne4 9. b3 b6 10. Nbd2 Nxd2 11. Nxd2 Bb7 12. e4 dxe4 13. Nxe4 Nf6 14. Ng5 Qc7 15. Bf4 Bd6 16. Bxd6 Qxd6 17. c5 Qc7 18. Rac1 b5 19. Rd2 Rfd8 20. h4 Qa5 21. Nf3 Qa3 22. Ne5 Rac8 23. Re1 Qb4 24. Qb2 Nd7 25. Nd3 Qa5 26. Red1 Nf6 27. Ne5 Nd7 28. Qc2 Nf6 29. Bf3 Qb4 30. Nd3 Qa5 31. Qb2 Nd7 32. Kg2 Nf6 33. Ne5 Nd7 34. Qc2 Nf6 35. Kh2 Qb4 36. Nd3 Qa5 37. Qb2 Nd7 38. Ne5 Nf6 39. Rd3 Qb4 40. Qe2 Qa5 41. Bg2 Qc7 42. Kg1 Qa5 43. Re1 Nd7 44. Nxf7 Nxc5 45. Nxd8 Rxd8 46. dxc5 1-0

[Event "Pristina Nderkombetar op"]
[Site "Pristina"]
[Date "2022.06.18"]
[Round "3"]
[White "Saraci, Nderim"]
[Black "Asllani, Muhamet"]
[Result "1-0"]
[WhiteElo "2487"]
[BlackElo "2227"]
[PlyCount "59"]
[EventDate "2022.06.17"]
[EventType "swiss"]
[EventRounds "9"]
[EventCountry "KOS"]
[SourceTitle "CBM 209 Extra"]
[Source "ChessBase"]
[SourceDate "2022.09.30"]
[SourceVersion "1"]
[SourceVersionDate "2022.09.30"]
[SourceQuality "1"]

1. d4 Nf6 2. Nf3 e6 3. g3 d5 4. Bg2 Be7 5. c4 0-0 6. 0-0 c5 7. cxd5 exd5 8. Nc3 h6 9. dxc5 Bxc5 10. b3 Nc6 11. Bb2 a6 12. Rc1 Ba7 13. Na4 Ne4 14. Ne5 Nxe5 15. Bxe5 Be6 16. Bd4 Qe7 17. Bxa7 Rxa7 18. Nb6 Qb4 19. Nxd5 Bxd5 20. Qxd5 Nf6 21. Qc5 Qxc5 22. Rxc5 b5 23. Rd1 Rb8 24. Rd6 Ne8 25. Rdc6 Kf8 26. Be4 Rd8 27. Bd3 Ke7 28. a4 bxa4 29. bxa4 Rd6 30. Re5+ 1-0